000 00558nam a2200217 a 4500
999 _c5287
_d5287
001 5287
003 BD-JhCC
005 20171212094911.0
008 171212s1964 u a|||| || | 001 0 eng d
035 _a(BD-JhCC)5287
040 _aBD-JhCC
_dBD-JhCC
041 _aeng
082 _a330.9
_bBOE 1964
100 _aBoesch, Hans
245 _aA Geography of World Economy /
_cHans Boesch,
260 _aNew York :
_bD. Van Nostrand Company, Inc.
_c1964.
300 _a280 cm.
_c26 cm.
650 _aEconomic Geography
942 _2ddc
_cBK